• 首页
  • 本馆介绍
  • 公告通知
  • 最新文献
  • 馆藏检索
  • 电子资源
  • 读者导购
  • 参考咨询
  • 我的图书馆
  • 登录
  • 详细信息显示
  • 放入我的书架
  • 预约/预借图书
  • 作者相关作品
  • 分类相关作品
  • 丛书相关作品
  • 出版社相关作品

书目信息

  • 表格格式
  • 工作单格式
  • 卡片格式
题名:
围城日记
    
 
作者: 弗斯卡姆普, 著 ;李帆 译
分册:  
出版信息: 青岛   青岛出版社  2017
页数: 150页
开本: 22cm
丛书名:
单 册:
中图分类: I516.65 , K250.6
科图分类:
主题词: 日记--ri ji--德国--现代--作品集 , 中国历史--zhong guo li shi--近代史--史料
电子资源:
ISBN: 978-7-5436-7978-8
000 01162nam0 2200301 450
001 012017000102
005 20180111090409.34
010    @a978-7-5436-7978-8@b精装@dCNY49.00
100    @a20170224d2017 em y0chiy0121 ea
101 1  @achi@cger
102    @aCN@b370000
105    @aa z 000cy
106    @ar
200 1  @a围城日记@Awei cheng ri ji@e日德战争青岛实录@d= Aus dem belagerten Tsingtau@f(德) 卡尔·约翰·弗斯卡姆普著@g李帆译@zeng
210    @a青岛@c青岛出版社@d2017
215    @a150页@c图@d22cm
330    @a本书以日记体的形式详尽的记录下1914年9月20日至11月9日发生在青岛及其周边的地区的日德战争, 为我们打开了一个不同角度的历史的窗户, 感受德国人眼中的青岛, 体验战争的残酷和危难之时人性的光辉。
510 1  @aAus dem belagerten Tsingtau@zeng
517 1  @a日德战争青岛实录@Ari de zhan zheng qing dao shi lu
606 0  @a日记@Ari ji@y德国@z现代@j作品集
606 0  @a中国历史@Azhong guo li shi@x近代史@x史料
690    @aI516.65@v5
690    @aK250.6@v5
701  1 @a弗斯卡姆普,@Afu si ka mu pu@b卡尔·约翰@4著
702  0 @a李帆@Ali fan@4译
801  0 @aCN@b湖北三新@c20170329@g
905    @aBZT@dI516.65@e2
906    @dCNY49.00@n5@r1
    
    围城日记:日德战争青岛实录= Aus dem belagerten Tsingtau/(德) 卡尔·约翰·弗斯卡姆普著/李帆译.-青岛:青岛出版社,2017
    150页:图;22cm
    
    
    ISBN 978-7-5436-7978-8(精装):CNY49.00
    本书以日记体的形式详尽的记录下1914年9月20日至11月9日发生在青岛及其周边的地区的日德战争, 为我们打开了一个不同角度的历史的窗户, 感受德国人眼中的青岛, 体验战争的残酷和危难之时人性的光辉。
●
相关链接 在五车中查询图书 在当当中查询图书 在豆瓣中查询图书


正题名:围城日记     索取号:I516.65/2         预约/预借

序号 登录号 条形码 馆藏地/架位号 状态 备注
1 844245   2000844245   第一书库/ [索取号:I516.65/2] 在馆    
2 844246   2000844246   第一书库/ [索取号:I516.65/2] 在馆    
3 844247   2000844247   第一书库/ [索取号:I516.65/2] 在馆    
4 844248   2000844248   第一书库/ [索取号:I516.65/2] 在馆    
5 844249   2000844249   第一书库/ [索取号:I516.65/2] 在馆    
山东省滨州职业学院图书馆 欢迎您!
大连网信软件有限公司© 版权所有